Statistiques concernant Villes de France les plus ensoleillées

Cliquez ici pour prendre le quiz!

Statistiques générales

  • Ce quiz a été pris 106 fois
  • Le résultat moyen est 10 sur 15

Statistiques - réponses

Heures d'ensoleillement (par an)Ville% Correct
2858Marseille
97%
2724Nice
97%
2668Montpellier
86%
2899Toulon
85%
2748Cannes
77%
2506Perpignan
77%
2899Nîmes
74%
2896Avignon
66%
2726Ajaccio
63%
2679Bastia
58%
2575Narbonne
51%
2066Grenoble
47%
2100La Rochelle
30%
2046Annecy
27%
2066Montauban
15%

Distribution des résultats

Percentile par nombre de réponses

% des personnes avec chaque résultat

Votre développement - résultats

Vous n’avez pas pris ce quiz